000 01573cam a22004454i 4500
003 PE-LiUPU
005 20250731173154.0
008 150623s1999 sp r 000 0 spa d
035 _a(Sirsi) a28325
040 _aPE-LiUPU
_bspa
_cPE-LiUPU
_dPE-LiUPU
_erda
049 _aPRUA
082 0 4 _a227.077
_bS55
_221
100 1 _aSilva, Kittim,
_eautor.
245 1 0 _aComentario Homilético al Nuevo Testamento.
_n3 /
_cSilva Kittim.
264 1 _aEspaña Barcelona :
_bClie,
_c1999.
300 _a312 páginas ;
_c21 centímetros
336 _atext
_2rdacontent
337 _aunmediated
_2rdamedia
338 _avolume
_2rdacarrier
505 0 _aGalatas -- Efesios -- Filipenses -- Colosenses -- 1 y 2 Tesalonicenses -- 1 Tesalonisenses -- 2 Tesalonicenses.
526 _aSEG42
526 _aSEG41
526 _aSEG40
526 _aSEG39
526 _aP94
526 _aP87
526 _aP86
526 _aP85
526 _aP77
526 _aP76
526 _aP35
541 _g0001401;
630 _aBiblia.
_pN.T.
_PG álatas
_xComentarios.
630 _aBiblia.
_pN.T.
_pTesalonicenses
_xComentarios.
942 _2ddc
_cBOOK
949 _a227.077 S55 3
_wDEWEY
_c1
_i55035
_lCCODEBUL1
_mBUL
_p00.00
_r0
_sY
_tBOOK
_u2015-06-24
_xTEOLOGIA
_PP35
_0COMPRA
_o.STAFF. Colección General
994 _aC0
_bPEPRU
596 _a1
999 _a227.077 S55 3
_wDEWEY
_c35561
_i55035
_d35561
_f2021-11-9
_g5
_lCCODEBUL1
_mBUL
_p30.00
_q1
_r0
_sY
_tBOOK
_u2015-6-24
_xTEOLOGIA
_PP35
_0COMPRA
_o.STAFF. Colección Teología
980 _81
_gALBERTO SANCHEZ Responsable de Automatización